Učitavanje...

Great Expectations

Bibliografski detalji
Glavni autori: Dikckens Charles, تشار لز ديكنز
Format: Printed Book
Izdano: Beirut: Dar Bihar; 2014
Teme:
LEADER 00535nam a22001697a 4500
999 |c 292215  |d 292215 
082 |a 823  |b DIC/G 
100 |a Dikckens Charles 
100 |a تشار لز ديكنز 
245 |a Great Expectations  |c الامال الكبيرة 
260 |a Beirut:  |c 2014  |b Dar Bihar; 
300 |a 420p. 
505 |a ARABIC - ENGLISH 
650 |a Translation 
650 |a Arabic - English 
942 |c BK 
952 |0 0  |1 0  |4 0  |6 823_000000000000000_DIC_G  |7 0  |9 310939  |a ARA  |b ARA  |d 2020-06-17  |l 0  |o 823 DIC/G  |p ARA8662  |r 2020-06-17  |w 2020-06-17  |y BK